[Event "Managua Ramirez de Arellano Memorial"]
[Site "Managua"]
[Date "2019.07.28"]
[Round "8"]
[White "Vallecillo, Saul"]
[Black "Delgado, Eliseo"]
[Result "1-0"]
[WhiteElo "1842"]
[BlackElo "1531"]
[PlyCount "137"]
[EventDate "2019.07.13"]
[EventType "swiss"]
[EventRounds "9"]
[EventCountry "NCA"]
[SourceTitle "EXT 2020"]
[Source "ChessBase"]
[SourceDate "2019.10.17"]
[SourceVersion "1"]
[SourceVersionDate "2019.10.17"]
[SourceQuality "1"]

1. e4 d6 2. Nc3 Nf6 3. Nf3 Nbd7 4. d4 e5 5. Bc4 Be7 6. 0-0 c6 7. dxe5 dxe5 8. Bb3 Qc7 9. Qe2 Nc5 10. Be3 Nxb3 11. axb3 b6 12. Rfd1 0-0 13. h3 h6 14. Nd2 Be6 15. Nf1 Rfd8 16. g4 Rxd1 17. Rxd1 Rd8 18. Ng3 Rxd1+ 19. Qxd1 Qd6 20. Qa1 Qc7 21. Kf1 Kf8 22. Ke2 Bd7 23. f3 Bb4 24. h4 Be7 25. Qg1 Ng8 26. Qh2 g6 27. h5 g5 28. Nd1 f6 29. Bd2 Bc8 30. Ne3 Kf7 31. Nef5 Ba6+ 32. Kd1 Bf8 33. Kc1 Qd7 34. Qf2 c5 35. Be3 Qb5 36. Qd2 Qc6 37. Qd8 Bc8 38. Qd2 Qd7 39. Qd5+ Qe6 40. c4 Bd7 41. Bf2 Bc6 42. Qd2 Qd7 43. Nf1 Qxd2+ 44. Kxd2 Bd7 45. N1e3 Bxf5 46. gxf5 Bd6 47. Nd5 Ne7 48. Kd3 Nc6 49. Nc3 Nb4+ 50. Kd2 Bb8 51. Nd5 Nc6 52. Kc3 Bd6 53. Be3 Bb8 54. b4 cxb4+ 55. Nxb4 Na5 56. Na6 Bd6 57. b4 Nc6 58. c5 bxc5 59. bxc5 Be7 60. Kc4 Ke8 61. Nc7+ Kd7 62. Nd5 Bd8 63. Kb5 Nb8 64. Nb4 Kc7 65. c6 a6+ 66. Nxa6+ Nxa6 67. Bb6+ Kc8 68. Bxd8 Nb8 69. Bxf6 1-0

[Event "Managua Ramirez de Arellano Memorial"]
[Site "Managua"]
[Date "2019.07.21"]
[Round "6"]
[White "Puhiera, Roger"]
[Black "Delgado, Eliseo"]
[Result "1-0"]
[WhiteElo "1988"]
[BlackElo "1531"]
[PlyCount "53"]
[EventDate "2019.07.13"]
[EventType "swiss"]
[EventRounds "9"]
[EventCountry "NCA"]
[SourceTitle "EXT 2020"]
[Source "ChessBase"]
[SourceDate "2019.10.17"]
[SourceVersion "1"]
[SourceVersionDate "2019.10.17"]
[SourceQuality "1"]

1. e4 d6 2. d4 Nf6 3. Nc3 e5 4. d5 c6 5. f4 Bg4 6. Nf3 Nbd7 7. h3 Bxf3 8. Qxf3 Be7 9. Bd3 Qc7 10. Be3 a6 11. 0-0 0-0 12. g4 cxd5 13. g5 dxe4 14. Nxe4 Nd5 15. Nf6+ N5xf6 16. gxf6 Bxf6 17. Be4 Nc5 18. Bd5 Rae8 19. Qg2 Re7 20. fxe5 Bxe5 21. c3 Ne6 22. Rf2 Kh8 23. Raf1 b5 24. Qg4 Nd8 25. Bg5 Rd7 26. Qh4 Ne6 27. Bxe6 1-0

[Event "Managua Ramirez de Arellano Memorial"]
[Site "Managua"]
[Date "2019.07.20"]
[Round "4"]
[White "Delgado, Eliseo"]
[Black "Pomarez Soza, Gerley Abraham"]
[Result "0-1"]
[WhiteElo "1531"]
[BlackElo "1745"]
[PlyCount "126"]
[EventDate "2019.07.13"]
[EventType "swiss"]
[EventRounds "9"]
[EventCountry "NCA"]
[SourceTitle "EXT 2020"]
[Source "ChessBase"]
[SourceDate "2019.10.17"]
[SourceVersion "1"]
[SourceVersionDate "2019.10.17"]
[SourceQuality "1"]

1. d4 Nf6 2. Bf4 d6 3. e3 Nbd7 4. Nf3 c5 5. c3 Qb6 6. Qb3 g6 7. Nbd2 Bg7 8. Bd3 0-0 9. 0-0 Re8 10. Bg3 Qxb3 11. axb3 b6 12. h3 Bb7 13. Rfe1 e5 14. dxe5 dxe5 15. e4 Nh5 16. Bh2 Nf4 17. Bb5 Red8 18. Bf1 Nf8 19. Nc4 f6 20. g3 N4e6 21. Nh4 Ng5 22. f3 Nfe6 23. Red1 Rxd1 24. Rxd1 Rd8 25. Rxd8+ Nxd8 26. Kf2 Kf8 27. Nd6 Ba8 28. Bb5 Nxh3+ 29. Ke3 Bh6+ 30. Ke2 Bc1 31. Nc4 Ke7 32. Kd1 Bh6 33. Nd2 Ne6 34. Bf1 Nhg5 35. Bd3 Nf7 36. Ng2 Nd6 37. Ke2 Bb7 38. Bg1 f5 39. Be3 Bxe3 40. Kxe3 Kf6 41. Nc4 Nxc4+ 42. Bxc4 Nc7 43. Bd3 a6 44. Kf2 b5 45. Ne3 fxe4 46. fxe4 h5 47. c4 b4 48. Kf3 Ne6 49. Kf2 Nd4 50. Nd5+ Kg5 51. Nb6 Bc6 52. Nd5 Nxb3 53. Nc7 a5 54. Ne6+ Kf6 55. Nc7 a4 56. Nb5 Bxb5 57. cxb5 Ke7 58. Bc4 Na5 59. b6 Kd6 60. Bd5 c4 61. Ke2 a3 62. bxa3 bxa3 63. b7 Kc7 0-1

[Event "Managua Linicad rap op 2nd"]
[Site "Managua"]
[Date "2019.07.07"]
[Round "6"]
[White "Delgado, Eliseo"]
[Black "Granados Ortiz, Fidel"]
[Result "0-1"]
[WhiteElo "1531"]
[BlackElo "1979"]
[PlyCount "84"]
[EventDate "2019.07.06"]
[EventType "swiss (rapid)"]
[EventRounds "7"]
[EventCountry "NCA"]
[SourceTitle "EXT 2020"]
[Source "ChessBase"]
[SourceDate "2019.10.17"]
[SourceVersion "1"]
[SourceVersionDate "2019.10.17"]
[SourceQuality "1"]

1. d4 d5 2. Nf3 Nf6 3. Bf4 e6 4. e3 c5 5. c3 Bd6 6. Bg3 Nc6 7. Nbd2 0-0 8. Bd3 b6 9. 0-0 Bxg3 10. hxg3 Bb7 11. Re1 Qd6 12. Rc1 e5 13. dxe5 Nxe5 14. Nxe5 Qxe5 15. Nf3 Qh5 16. Nh4 Qe5 17. f4 Qc7 18. Nf3 Rae8 19. Ne5 Re7 20. Ng4 Nxg4 21. Qxg4 Qc6 22. Bf1 Rfe8 23. Kf2 Qa4 24. a3 Qb3 25. Rb1 Bc8 26. Qd1 Qa2 27. Qc2 g6 28. Ra1 Bf5 29. Rxa2 Bxc2 30. Raa1 f5 31. Bb5 Rd8 32. Rac1 Bb3 33. Be2 Kf7 34. g4 d4 35. cxd4 cxd4 36. exd4 Rxd4 37. g3 fxg4 38. Bxg4 Rd2+ 39. Re2 Rexe2+ 40. Bxe2 Rxb2 41. Rc7+ Kf8 42. Rxa7 Bc4 0-1

[Event "Managua Linicad rap op 2nd"]
[Site "Managua"]
[Date "2019.07.06"]
[Round "2"]
[White "Rocha Garcia, Luis Alberto"]
[Black "Delgado, Eliseo"]
[Result "1-0"]
[WhiteElo "1256"]
[BlackElo "1531"]
[PlyCount "29"]
[EventDate "2019.07.06"]
[EventType "swiss (rapid)"]
[EventRounds "7"]
[EventCountry "NCA"]
[SourceTitle "EXT 2020"]
[Source "ChessBase"]
[SourceDate "2019.10.17"]
[SourceVersion "1"]
[SourceVersionDate "2019.10.17"]
[SourceQuality "1"]

1. d4 d6 2. Bf4 Nd7 3. e3 Ngf6 4. Bd3 c6 5. Nd2 e5 6. dxe5 dxe5 7. Bg3 Be7 8. Ngf3 Bd6 9. 0-0 Qe7 10. Bf5 0-0 11. Bh4 g6 12. Bxd7 Bxd7 13. Ne4 g5 14. Bxg5 Nxe4 15. Bxe7 1-0

[Event "Managua Hurtado Memorial 16th"]
[Site "Managua"]
[Date "2016.12.29"]
[Round "7"]
[White "Matamoros, Jorge"]
[Black "Delgado, Eliseo"]
[Result "1-0"]
[WhiteElo "1715"]
[BlackElo "1741"]
[PlyCount "68"]
[EventDate "2016.12.26"]
[EventType "swiss"]
[EventRounds "9"]
[EventCountry "NCA"]
[SourceTitle "CBM 176 Extra"]
[Source "ChessBase"]
[SourceDate "2017.03.02"]
[SourceVersion "1"]
[SourceVersionDate "2017.03.02"]
[SourceQuality "1"]

1. e4 c5 2. Nf3 Nc6 3. d4 cxd4 4. Nxd4 Nf6 5. Nxc6 bxc6 6. Bd3 e6 7. 0-0 Be7 8. b3 0-0 9. Bb2 d6 10. e5 dxe5 11. Bxe5 Bd6 12. f4 Qb6+ 13. Kh1 Be7 14. Nd2 Ba6 15. c4 Rad8 16. Qc2 Qe3 17. Rf3 Qc5 18. Bxf6 g6 19. Ne4 Qa3 20. Bb2 Qa5 21. Nf6+ Bxf6 22. Bxf6 Rd7 23. Qb2 Rc8 24. b4 Qc7 25. Qc3 c5 26. b5 Bb7 27. Rff1 h5 28. Rad1 Qd6 29. Be2 Qc7 30. Rxd7 Qxd7 31. Rd1 Qe8 32. Qa5 Kh7 33. Rd8 Rxd8 34. Qxd8 Qxd8 1-0

[Event "Managua Ramirez de Arellano Memorial"]
[Site "Managua"]
[Date "2016.07.30"]
[Round "7"]
[White "Hernandez Lopez, Alvaro"]
[Black "Delgado, Eliseo"]
[Result "1-0"]
[WhiteElo "1817"]
[BlackElo "1765"]
[PlyCount "47"]
[EventDate "2016.07.16"]
[EventType "swiss"]
[EventRounds "9"]
[EventCountry "NCA"]
[SourceTitle "EXT 2018"]
[Source "ChessBase"]
[SourceDate "2017.10.13"]
[SourceVersion "1"]
[SourceVersionDate "2017.10.13"]
[SourceQuality "1"]

1. d4 d5 2. c4 c6 3. Nc3 Nf6 4. Bg5 e6 5. e3 Bd6 6. Nf3 Nbd7 7. Rc1 0-0 8. Bd3 Re8 9. 0-0 a6 10. a3 Rb8 11. b4 b5 12. c5 Bc7 13. Bb1 Bb7 14. Qc2 Nf8 15. Rfd1 Qe7 16. e4 dxe4 17. Nxe4 Ng6 18. Nh4 Rbd8 19. Ba2 Rd7 20. Re1 Rxd4 21. Nf5 Qd8 22. Nxd4 Qxd4 23. Rcd1 Ne5 24. Nxf6+ 1-0

[Event "Managua Ramirez de Arellano Memorial"]
[Site "Managua"]
[Date "2016.07.24"]
[Round "6"]
[White "Delgado, Eliseo"]
[Black "Velasquez, Rommel"]
[Result "1/2-1/2"]
[WhiteElo "1765"]
[BlackElo "1938"]
[PlyCount "62"]
[EventDate "2016.07.16"]
[EventType "swiss"]
[EventRounds "9"]
[EventCountry "NCA"]
[SourceTitle "EXT 2018"]
[Source "ChessBase"]
[SourceDate "2017.10.13"]
[SourceVersion "1"]
[SourceVersionDate "2017.10.13"]
[SourceQuality "1"]

1. d4 Nf6 2. Nf3 g6 3. Bf4 Bg7 4. e3 d6 5. h3 0-0 6. Be2 c5 7. c3 Qb6 8. Qb3 Qxb3 9. axb3 Be6 10. Nbd2 Nc6 11. 0-0 cxd4 12. exd4 Bd5 13. b4 Bxf3 14. Nxf3 Nd5 15. Bh2 a6 16. Rfe1 e5 17. dxe5 dxe5 18. Bc4 Nb6 19. Bb3 Rae8 20. Ng5 h6 21. Ne4 Kh7 22. f3 f5 23. Nc5 Re7 24. Rad1 Rd8 25. Ne6 Rde8 26. Nxg7 Kxg7 27. Bg3 Rd7 28. Bf2 Rxd1 29. Rxd1 Nc8 30. Rd7+ Re7 31. Rxe7+ N8xe7 1/2-1/2